| 000 | 00412nam a2200145Ia 4500 | ||
|---|---|---|---|
| 008 | 220216s9999 xx 000 0 und d | ||
| 100 | _aYerina Natalya | ||
| 245 | 0 | _aAtomic force microscopy in analysis of rubber materials | |
| 260 |
_bRubber Chemistry and Technology _c2003 |
||
| 300 | _a846-859 | ||
| 650 | _aAtomic force microscopy | ||
| 650 | _aRubber materials | ||
| 700 | _aMagonov Sergei | ||
| 942 | _cJS | ||
| 999 |
_c54586 _d54586 |
||